ATLAS OF CLINICAL OPHTHALMOLOGY (Record no. 10541)
[ view plain ]
| 000 -LEADER | |
|---|---|
| fixed length control field | 00316nam a22001457a 4500 |
| 003 - CONTROL NUMBER IDENTIFIER | |
| control field | SGT |
| 082 ## - DEWEY DECIMAL CLASSIFICATION NUMBER | |
| Classification number | 617.7 |
| Item number | A13B |
| 100 ## - MAIN ENTRY--PERSONAL NAME | |
| Personal name | BASKAR, SAMAR K. |
| 245 ## - TITLE STATEMENT | |
| Title | ATLAS OF CLINICAL OPHTHALMOLOGY |
| 250 ## - EDITION STATEMENT | |
| Edition statement | 2ND |
| 260 ## - PUBLICATION, DISTRIBUTION, ETC. (IMPRINT) | |
| Place of publication, distribution, etc | INDIA |
| Name of publisher, distributor, etc | JAYPEE |
| Year of Publication | 2013 |
| 300 ## - PAGE DESCRIPTION | |
| No. of Pages | 499 |
| 650 ## - SUBJECT ADDED ENTRY--TOPICAL TERM | |
| Topical term or geographic name as entry element | OPHTHALMOLOGY |
| 942 ## - ADDED ENTRY ELEMENTS (KOHA) | |
| Source of classification or shelving scheme | Dewey Decimal Classification |
| Koha item type | Books |
| 942 ## - ADDED ENTRY ELEMENTS (KOHA) | |
| -- | 1 |
| Withdrawn status | Lost status | Source of classification or shelving scheme | Damaged status | Not for loan | Collection code | Home library | Current library | Shelving location | Date acquired | Vendor Name | SGTU | Bill Number | Total Checkouts | Full call number | Accession No. (Barcode) | Date last seen | Date last borrowed | Bill Date | Koha item type |
|---|---|---|---|---|---|---|---|---|---|---|---|---|---|---|---|---|---|---|---|
| Dewey Decimal Classification | MEDICAL | SGT Medical Library | SGT Medical Library | Reference Book | 20/01/2017 | abc | SGTU | 6436 | 1 | 617.7 A13B | FM7878 | 20/06/2022 | 04/06/2022 | 20/01/2017 | Books | ||||
| Dewey Decimal Classification | MEDICAL | SGT Medical Library | SGT Medical Library | Reference Book | 20/01/2017 | abc | SGTU | 6436 | 617.7 A13B | FM7879 | 20/01/2017 | 20/01/2017 | Books |